| 000 | 00450nam a2200181Ia 4500 | ||
|---|---|---|---|
| 008 | 170705s9999 xx 000 0 und d | ||
| 020 | _a590425048 | ||
| 245 | _aJamaica's find / | ||
| 245 | _cJuanita Havill ; illustrations by Sibley O'Brien. | ||
| 260 | _aNew York : | ||
| 260 | _bScholastic, | ||
| 260 | _c1986 | ||
| 300 | _a32 pages : | ||
| 300 | _bcolor illustration ; | ||
| 300 | _c21cm. | ||
| 440 | _aReading rainbow. | ||
| 500 | _a460 | ||
| 999 |
_c335699 _d335699 |
||